000 01069naa a22003017a 4500
001 BR8204302
003 BR-BrBNA
005 20240918175132.0
007 ta
008 230509b bl.||||| |||| 00| 0 por d
040 _aBR-BrBNA
_bpor
_cBiblioteca Nacional de Agricultura
041 _a(Pt)
072 _aF30; A50
_b0120
_bG514
090 _aF30 BR8204302
100 1 _aLovato, C.C.
100 1 _aStorck, R.L.
100 1 _aRilter, R.R.
111 1 _a27. Reuniao Tecnica Anual do Milho
_cPorto Alegre, RS (Brazil)
_d17-19 Aug 1983
245 1 _aAvaliacao de introducoes de milho doce para fins de melhoramento [Zea mays, Brasil]
260 3 _aPorto Alegre, RS (Brasil):
_c1982.
500 _aAta da 27. Reuniao Tecnica Anual do Milho Porto Alegre, RS (Brasil): 1982. p. 191 (BR8204302-AM)F30
650 _aVARIEDADE
650 _aPESQUISA AGRICOLA
650 _aMILHO DOCE
773 0 _tAta da 27. Reuniao Tecnica Anual do Milho
_wF30 BR8204302
_gPorto Alegre, RS (Brasil), 1982. p. 191
909 _a202404
_bLucia
_c55
_dLucia Elande
942 _cAM
_2AGRIS
999 _c315208
_d315208